| 000 | 00915nam a22002657a 4500 | ||
|---|---|---|---|
| 003 | MX-MxUPN | ||
| 005 | 20260414093405.0 | ||
| 007 | cr |||aaa||||| | ||
| 008 | 250613s2023 ck ||||foz|||#000 0 spa d | ||
| 020 | _a9789585468528 | ||
| 040 |
_aMX-MxUPN _bspa _cMX-MxUPN _eaacr2 |
||
| 041 | 1 | _aspa | |
| 050 | 1 | 4 | _aLB1028.3 |
| 100 | 1 |
_aGarcía Naranjo, Martha Lucía _956981 |
|
| 245 | 1 | 3 |
_aLa formación en capacidades humanas en educación virtual _h[recurso electrónico en línea] |
| 260 |
_aManizales, Caldas, Colombia : _bFondo Editorial Universidad de Manizales, _c2023 |
||
| 300 | _a1 recurso en línea (278 páginas) | ||
| 506 | 0 | _aAcceso abierto. | |
| 650 | 4 |
_aTecnología educativa _94978 |
|
| 650 | 4 |
_aEducación superior _932 |
|
| 650 | 4 |
_aPensamiento crítico _95620 |
|
| 856 | _uhttps://doi.org/10.30554/ | ||
| 902 |
_aMaiella Martínez / 13062025 _bBerenice Martínez |
||
| 942 |
_2lcc _cLIBRO-E |
||
| 999 |
_c213511 _d213511 |
||